000 00507nam a2200169 a 4500
005 20140412111359.0
008 060126s19uu xx 00 eng d
020 _a0-590-31682-6
050 _aTR(PS E
_bHo83sa 2000
100 _aYolen, Jane
245 _aHow do dinosaurs say goodnight? /
_cby Jane Yolen ; illustrated by Mark Teague.
260 _aNew York :
_bScholastic Inc.,
_c2000.
300 _a1 v. (unp.) ; ill.
650 _aDinosaurs
_xFiction
650 _aChildren stories
999 _c105446
_d105446